The Originals Quiz Stats

 Plays Quiz not verified by Sporcle

Score 0/11 Timer 06:00
0 Plays Today
Help Response % Correct
????
100%
????
98%
????
97.6%
????
96.8%
????
96.3%
????
93.7%
????
71.2%
????
57.2%
????
56.6%
????
46%
????
41.2%

You're not logged in!

Compare scores with friends on all Sporcle quizzes.
OR
Log In

Show Comments

Extras

Created Feb 20, 2014SourceReportNominate
Tags:character, original

Top Quizzes Today


Score Distribution

Your Account Isn't Verified!

In order to create a playlist on Sporcle, you need to verify the email address you used during registration. Go to your Sporcle Settings to finish the process.

Report this User

Report this user for behavior that violates our Community Guidelines.

Details: